000 00659nam a2200229 a 4500
001 BRCA_8310
005 20190320210224.0
008 230614s1879----enka###f##---#000-0#eng-#
041 _aeng
044 _aenk
050 4 _aNK9999
_b.R53 1879
100 1 _aRiaño, Juan Facundo
_d1829-1901
_920747
245 1 0 _aThe industrial arts in Spain
_cby Juan F. Riaño.
260 _aPicadilly (Ingalterra)
_bChapman & Hall
_c1879
300 _a276 p.
_bil.
_c20 cm.
440 0 _aSouth Kesington Museum
_920748
500 _aS136
650 1 4 _aArte industrial
_zEspaña
_920749
650 1 4 _aArte industrial
_vExposiciones
_920750
902 _aGFM
942 _2lcc
_cB
999 _c7978
_d7978